All Pokémon with Bulletproof - Statistics

General Stats
  • This quiz has been taken 7 times
  • The average score is 9 of 10
Answer Stats
(Avail)ability Pokémon % Correct
Hidden Ability Chesnaught
100%
Hidden Ability Chespin
100%
Hidden Ability Dubwool
100%
First Ability Hakamo-o
100%
First Ability Jangmo-o
100%
First Ability Kommo-o
100%
Hidden Ability Quilladin
100%
Hidden Ability Wooloo
100%
Hidden Ability Applin
80%
Second Ability Ursaluna
60%
No matching quizzes found
Score Distribution
Percent of People with Each Score
Percentile by Number Answered
Your Score History
You have not taken this quiz